000 00629nam a2200229Ia 4500
003 OSt
005 20221007082105.0
006 a|||||r|||| 00| 0
007 ta
008 221006b |||||||| |||| 00| 0 eng d
024 _a25,468
037 _cTextual
040 _aFLL
_cFLL
_beng
041 _2eng
_aeng
082 _aT4:4751:Z:3, H2
100 _aPotthoff Edward F.
_992911
245 0 _aExamination in contract law courses
260 _aUrbana
_bThe University of Illinois
_c1942
300 _a100p
_ccm.
942 _hT4:4751:Z:3, H2
_cTEXL
_2CC
999 _c1165278
_d1165278